000 01029nas a2200253 i 4500
005 20260121101045.0
008 251026d ua fr|j| |||| 00| 0 ara d
040 _aEG-GICUC
_cEG-GICUC
_dEG-GICUC
_erda
082 0 4 _a342
245 0 2 _aالمجلة الدستورية.
_nالسنة التاسعة عشرة - العدد التاسع والعشرون.
264 0 1 _aالقاهرة :
_bالمحكمة الدستورية العليا،
_c2021 -
300 _aمجلد ؛
_c30 سم.
336 _2rda content
_aText
337 _2rda media
_aunmediated
338 _2rda carrier
_avolume
362 0 _a.
500 _aأكتوبر 2021.
505 _tحول تطوير مجلة (الدستورية) /
_rبقلم: رئيس التحرير.
505 _tالنصوص الكاملة للأحكام الدستورية الصادرة في دعاوي.
650 0 4 _aالقانون الدستوري
_vدوريات
856 _uhttps://fll.law.cu.edu.eg/fulltext/cr/S08-00359.pdf
905 _aNourhan Saeed
942 _2ddc
_cCR
_n0
999 _c37533
_d37533